Stable free radical assisted mechanical devulcanisation of carbon black filled NR vulcanisates: Devulcanisation of un-aged and aged samples (Record no. 51374)

MARC details
000 -LEADER
fixed length control field 00622nam a2200193Ia 4500
100 ## - MAIN ENTRY--AUTHOR NAME
Personal name Joseph A.M
245 #0 - TITLE STATEMENT
Title Stable free radical assisted mechanical devulcanisation of carbon black filled NR vulcanisates: Devulcanisation of un-aged and aged samples
260 ## - PUBLICATION, DISTRIBUTION, ETC. (IMPRINT)
Name of publisher Rubber Science
Year of publication 2017
300 ## - PHYSICAL DESCRIPTION
Number of Pages 278-297
650 ## - SUBJECT ADDED ENTRY--TOPICAL TERM
Topical Term Mechanical devulcanisation
650 ## - SUBJECT ADDED ENTRY--TOPICAL TERM
Topical Term Mechano-chemical devulcanisation
650 ## - SUBJECT ADDED ENTRY--TOPICAL TERM
Topical Term Revulcanisate properties
650 ## - SUBJECT ADDED ENTRY--TOPICAL TERM
Topical Term Stable free radical
700 ## - ADDED ENTRY--PERSONAL NAME
Personal name Alex R
700 ## - ADDED ENTRY--PERSONAL NAME
Personal name George B
700 ## - ADDED ENTRY--PERSONAL NAME
Personal name Madhusoodanan K.N
942 ## - ADDED ENTRY ELEMENTS (KOHA)
Koha item type Bibliography STAF
Holdings
Withdrawn status Lost status Damaged status Not for loan Home library Current library Shelving location Date acquired Serial Enumeration / chronology Koha item type
      Bibliography RRII Library RRII Library Rubber technology 01/01/2021 Volume 30, Issue 3 Bibliography STAF